| 000 | 00420nam a2200157Ia 4500 | ||
|---|---|---|---|
| 008 | 230917s9999||||xx |||||||||||||| ||und|| | ||
| 040 |
_e36353 _aMAIN |
||
| 041 | _aEnglish | ||
| 082 | _a658.3 S84P | ||
| 100 | _aScott, Walter Dill | ||
| 245 | 0 | _aPersonnel management: principles, practices and pain of view | |
| 250 | _a6th ed. | ||
| 260 |
_aNew Delhi _bTata McGraw-Hill _c1977 |
||
| 300 | _ax, 620 p. | ||
| 942 | _cBK | ||
| 999 |
_c177825 _d177825 |
||